Análisis del uso de una bomba centrífuga como turbina
Zapisane w:
| 1. autor: | |
|---|---|
| Format: | Książka |
| Wydane: |
San José, Costa Rica
1992
|
| Hasła przedmiotowe: | |
| Etykiety: |
Dodaj etykietę
Nie ma etykietki, Dołącz pierwszą etykiete!
|
MARC
| LEADER | 00000nam a2200000Ia 4500 | ||
|---|---|---|---|
| 003 | 005507 | ||
| 005 | 20221231144320.0 | ||
| 008 | 140114s1992 cr a m 000 ||s d | ||
| 040 | |c cru CEDI | ||
| 090 | |a TFG 2635 | ||
| 100 | |a Zamora Montoya, Ronny Gerardo |9 12297 | ||
| 245 | |a Análisis del uso de una bomba centrífuga como turbina | ||
| 260 | |c 1992 |a San José, Costa Rica | ||
| 300 | |a San José, Costa Rica | ||
| 500 | |a Práctica dirigida (licenciatura en ingenieria mecanica)--Universidad de Costa Rica. Facultad de Ingeniería. Escuela de Ingeniería Mecánica | ||
| 650 | |x TURBINAS - INVESTIGACIONES |x BOMBAS CENTRIFUGAS |9 12298 | ||
| 942 | |c TFG | ||
| 999 | |c 20034 |d 20034 | ||
